000 00835nam a2200277 i 4500
003 DO-SdBNP
005 20250714125431.0
007 ta
008 250515b2025 dr ||||| |||| 00| 0 spa d
020 _a9789945927641
040 _aDO-SdBNP
_bspa
_cBNPHU
_erda
041 _aspa
082 4 _axxx
_bC957a
_222
100 _aCruz, Rafael R.,
_eautor
_4aut.
_978970
245 1 3 _aEl arcabuz de los misterios /
_cRafael R. Cruz
250 _aPrimera edición
264 1 _aSanto Domingo :
_bCiliya Editorial,
_c2025.
300 _a212 páginas ;
_c22 cm.
336 _atexto
_btxt
_2rdacontent
337 _asin mediación
_bn
_2rdamedia
338 _avolumen
_bnc
_2rdacarrier
500 _aIncluye datos biográficos del autor en la solapa de la cubierta
590 _aInventariado, 2025/BT
910 _aBtavárez
942 _2ddc
_cLBS1
999 _c58843
_d58843